书目信息 |
| 题名: |
西方古典音乐欣赏指南
|
|
| 作者: | 刘悦 编著 | |
| 分册: | ||
| 出版信息: | 银川 宁夏人民出版社 2005 |
|
| 页数: | 239页 | |
| 开本: | 23cm | |
| 丛书名: | ||
| 单 册: | ||
| 中图分类: | J605.5 | |
| 科图分类: | ||
| 主题词: | 古典音乐--音乐欣赏--基本知识--西方国家 , 古典音乐 , 音乐欣赏 | |
| 电子资源: | ||
| ISBN: | 7-227-02943-3 | |
| 000 | 00882nam0 2200265 450 | |
| 001 | 002939839 | |
| 005 | 20061118162159.67 | |
| 010 | @a7-227-02943-3@dCNY35.00 | |
| 100 | @a20050119d2005 em y0chiy0110 ea | |
| 101 | 0 | @achi |
| 102 | @aCN@b640000 | |
| 105 | @aa z 000yd | |
| 200 | 1 | @a西方古典音乐欣赏指南@9xi fang gu dian yin yue xin shang zhi nan@e插图本@dMusic@f刘悦编著@zeng |
| 210 | @a银川@c宁夏人民出版社@d2005 | |
| 215 | @a239页@c照片,图@d23cm@e1光盘 | |
| 307 | @a附光盘:ISBN CN-Z30-05-0001-0 | |
| 330 | @a本书系统介绍了西方古典音乐七大发展时期、五十多个风格流派和一百多位代表人物,以及鉴赏作品一百多部。 | |
| 510 | 1 | @aMusic@zeng |
| 606 | 0 | @a古典音乐@x音乐欣赏@x基本知识@y西方国家 |
| 606 | 0 | @a古典音乐 |
| 606 | 0 | @a音乐欣赏 |
| 690 | @aJ605.5@v3 | |
| 701 | 0 | @a刘悦@9liu yue@c(女,音乐)@4编著 |
| 801 | 0 | @aCN@bNLC@c20061118 |
| 905 | @a10447@dJ605.5@e360 | |
| 西方古典音乐欣赏指南:插图本=Music/刘悦编著.-银川:宁夏人民出版社,2005 |
| 239页:照片,图;23cm+1光盘 |
| ISBN 7-227-02943-3:CNY35.00 |
| 本书系统介绍了西方古典音乐七大发展时期、五十多个风格流派和一百多位代表人物,以及鉴赏作品一百多部。 |
| ● |
| 相关链接 |
|
|
|
|
正题名:西方古典音乐欣赏指南
索取号:J605.5/360
 
预约/预借
| 序号 | 登录号 | 条形码 | 馆藏地/架位号 | 状态 | 备注 |
| 1 | 0391971 | 203919714 | 第一样本阅览室/ [索取号:J605.5/360] | 在馆 | |
| 2 | 0391972 | 203919723 | 第一借阅区/ [索取号:J605.5/360] | 在馆 | |
| 3 | 0391973 | 203919732 | 第一借阅区/ [索取号:J605.5/360] | 在馆 | |
| 4 | 0391974 | 203919741 | 第一借阅区/ [索取号:J605.5/360] | 在馆 | |
| 5 | 0391975 | 203919750 | 第一借阅区/ [索取号:J605.5/360] | 在馆 |